Catálogo
 En Linea

Discurso leido por el Lic. Hipolito Herrera Billini presidente de la Suprema Corte de Justicia en la solemne apertura de los tribunales celebrada, en 9 de enero 1955/. (Registro nro. 13074)

Detalles MARC
000 -CABECERA
campo de control de longitud fija 00790nam a2200205 a 4500
001 - NÚMERO DE CONTROL
campo de control 000013448
003 - IDENTIFICADOR DEL NÚMERO DE CONTROL
campo de control OSt
005 - FECHA Y HORA DE LA ÚLTIMA TRANSACCIÓN
campo de control 20201022100507.0
008 - DATOS DE LONGITUD FIJA--INFORMACIÓN GENERAL
campo de control de longitud fija 091124s1955 dr 001 0 spa d
040 ## - FUENTE DE LA CATALOGACIÓN
Centro catalogador/agencia de origen DO-SdBNP
Lengua de catalogación spa
Centro/agencia transcriptor BNPHU
082 ## - NÚMERO DE LA CLASIFICACIÓN DECIMAL DEWEY
Número de clasificación xxxx
Número de documento/Ítem H611l
245 00 - MENCIÓN DE TÍTULO
Título Discurso leido por el Lic. Hipolito Herrera Billini presidente de la Suprema Corte de Justicia en la solemne apertura de los tribunales celebrada, en 9 de enero 1955/.
260 ## - PUBLICACIÓN, DISTRIBUCIÓN, ETC.
Lugar de publicación, distribución, etc. Ciudad Trujillo, República Dominicana :
Nombre del editor, distribuidor, etc. Suprema Corte de Justicia
-- Del Caribe,
Fecha de publicación, distribución, etc. 1955.
300 ## - DESCRIPCIÓN FÍSICA
Extensión 32 p. ;
Dimensiones 23 cm.
500 ## - NOTA GENERAL
Nota general Año del benefactor de la patria
500 ## - NOTA GENERAL
Nota general Incluye referencias bibliográficas al pie de las páginas
590 ## - NOTA LOCAL (RLIN)
Nota local Inventariado, 2020 / DG
910 ## - DATOS DE OPCIÓN DEL USUARIO (OCLC)
Datos de opción del usuario Inventariado, 2020 / DG
942 ## - ELEMENTOS DE PUNTO DE ACCESO ADICIONAL (KOHA)
Fuente del sistema de clasificación o colocación Dewey Decimal Classification
Tipo de ítem Koha Libro
Existencias
Estado de retiro Estado de pérdida Fuente del sistema de clasificación o colocación No para préstamo Código de colección Localización permanente Ubicación/localización actual Ubicación en estantería Fecha de adquisición Fuente de adquisición Número de inventario Total de préstamos Signatura topográfica completa Código de barras Fecha visto por última vez Precio válido a partir de Tipo de ítem Koha Número de copia
    Dewey Decimal Classification     Biblioteca Nacional Pedro Henríquez Ureña Biblioteca Nacional Pedro Henríquez Ureña En catalogación 14.08.2013 Donado por la Familia Reyes Duluc     xxxx H565   22.10.2020 22.10.2020 Libro e. 3
    Dewey Decimal Classification Excluido de préstamo Patrimonio Dominicano Patrimonio Dominicano Patrimonio Dominicano En catalogación 24.11.2009 Donado LF1   xxxx H565 13448-10 25.06.2020 25.06.2020 Libro y Folleto Colección Patrimonio Dominicano  
    Dewey Decimal Classification Excluido de préstamo Patrimonio Dominicano Patrimonio Dominicano Patrimonio Dominicano En catalogación 01.03.2010 Donado LF1   xxxx H565 13448-20 25.06.2020 25.06.2020 Libro y Folleto Colección Patrimonio Dominicano e. 2

Con tecnología Koha